Introduction to lattice theory / (Record no. 6809)
[ view plain ]
| 000 -LEADER | |
|---|---|
| fixed length control field | 00901nam a22002651 4500 |
| 001 - CONTROL NUMBER | |
| control field | 6809 |
| 003 - CONTROL NUMBER IDENTIFIER | |
| rucl marc code | BD-RjUL |
| 005 - DATE AND TIME OF LATEST TRANSACTION | |
| control field | 20211208234322.0 |
| 008 - FIXED-LENGTH DATA ELEMENTS--GENERAL INFORMATION | |
| fixed length control field | 140112r19651966nyua 001 0 eng |
| 035 ## - SYSTEM CONTROL NUMBER | |
| System control number | (BD-RjUL)6851 |
| 040 ## - CATALOGING SOURCE | |
| Original cataloging agency | DLC/ICU |
| Transcribing agency | ICU |
| Modifying agency | DLC |
| -- | BD-RjUL |
| Language of cataloging | eng |
| 041 ## - LANGUAGE CODE | |
| Language code of text/sound track or separate title | eng |
| 082 00 - DEWEY DECIMAL CLASSIFICATION NUMBER | |
| Classification number | 512.865 |
| Author mark and year | RUI 1966 |
| 100 1# - MAIN ENTRY--PERSONAL NAME | |
| Personal name | Rutherford, D. E. |
| Fuller form of name | (Daniel Edwin), |
| Dates associated with a name | 1906- |
| 9 (RLIN) | 20761 |
| 245 10 - TITLE STATEMENT | |
| Title | Introduction to lattice theory / |
| Statement of responsibility, etc. | [by] D.E. Rutherford. |
| 260 ## - PUBLICATION, DISTRIBUTION, ETC. (IMPRINT) | |
| Place of publication, distribution, etc. | New York : |
| Name of publisher, distributor, etc. | Hafner Pub. Co. , |
| Date of publication, distribution, etc. | c1965 [Reprinted 1966]. |
| 300 ## - PHYSICAL DESCRIPTION | |
| Pagination | x, 117 p. : |
| Illustrations | illus. ; |
| Size | 24 cm. |
| 500 ## - GENERAL NOTE | |
| General note | "Based upon courses of lectures given in the University of St. Andrews and in the University of Notre Dame, Indiana." |
| 504 ## - BIBLIOGRAPHY, ETC. NOTE | |
| Bibliography, etc | Includes index. |
| 650 #0 - SUBJECT ADDED ENTRY--TOPICAL TERM | |
| Topical term or geographic name as entry element | Lattice theory. |
| 9 (RLIN) | 20999 |
| 942 ## - ADDED ENTRY ELEMENTS (KOHA) | |
| Source of classification or shelving scheme | Dewey Decimal Classification |
| Koha item type | Books |
| Lost status | Source of classification or shelving scheme | Damaged status | Not for loan | Collection code | Permanent Location | Current Location | Shelving location | Date acquired | Source of acquisition | Cost, normal purchase price | Total Checkouts | Full call number | Date last seen | Copy number | Koha item type |
|---|---|---|---|---|---|---|---|---|---|---|---|---|---|---|---|
| Dewey Decimal Classification | Not For Loan | Non-fiction | Central Library, University of Rajshahi | Central Library, University of Rajshahi | Reading Room | 18/12/1973 | Mitali prokasoni | 60.50 | 512.865 RUI 1966 | 12/01/2014 | C-1 | Books |